|
|
|
|
| LEADER |
00000nam a22000007a 4500 |
| 005 |
20171008221034.0 |
| 007 |
cr|||| |||| |
| 008 |
171008s2014 mx |||||s||||f00||0 spa d |
| 020 |
|
|
|a 978-84-16142-64-4
|
| 035 |
|
|
|a 20717
|
| 040 |
|
|
|a vLex
|
| 090 |
|
|
|c 7092
|d 7092
|
| 100 |
1 |
|
|a Silva Herzog, Jess︢
|
| 245 |
1 |
2 |
|a La epopeya del petrl̤eo en Mx̌ico
|h [Recurso electrn̤ico] /
|c Jess︢ Silva Herzog
|
| 256 |
|
|
|a Servicio en ln̕ea
|
| 260 |
|
|
|a Ciudad de Mx̌ico:
|b Cm̀ara de Diputados,
|c 2014
|
| 300 |
|
|
|a 1 recurso electrn̤ico
|
| 506 |
1 |
|
|a Disponible solo en los productos indicados
|d vLex Global
|d vLex Global (Academic Edition, excluding Law Schools)
|d vLex Global (U.S. Academic Edition, Law Schools)
|d vLex Global (U.S. Academic Edition, excluding Law Schools)
|d vLex Global (Academic Edition, Law Schools)
|
| 650 |
0 |
4 |
|a Derecho Civil
|z Mx̌ico
|
| 650 |
0 |
4 |
|a Derecho Mercantil y de la Empresa
|z Mx̌ico
|
| 650 |
0 |
4 |
|a Derecho Constitucional
|z Mx̌ico
|
| 740 |
0 |
|
|a vLex Libros (Servicio en ln̕ea)
|
| 856 |
4 |
0 |
|u http://vlex.com/source/epopeya-del-petroleo-en-mexico-20717
|z Acceso restringido
|
| 942 |
|
|
|c BOOK
|
| 999 |
0 |
|
|a Civil Law
|
| 999 |
0 |
|
|a Commercial and Company Law
|
| 999 |
0 |
|
|a Constitutional Law
|